000 00312nam a22001457a 4500
008 221118b ||||| |||| 00| 0 eng d
020 _a9781573920735
041 _aeng
080 _a61
082 _a61HEI
100 _a4
101 _aMJEKS
245 _aETHICS IN MEDICINE
_cHEIFETZ .D.M
942 _2udc
_cBK
999 _c58945
_d58945